[Event "Havana Rodriguez Memorial 1st"]
[Site "Havana"]
[Date "2007.07.06"]
[Round "11"]
[White "Gil Suarez, Jose Luis"]
[Black "Alvarez Albo, Chan Julian"]
[Result "1-0"]
[WhiteElo "2308"]
[BlackElo "2203"]
[PlyCount "71"]
[EventDate "2008.06.27"]
[EventType "tourn"]
[EventRounds "14"]
[EventCountry "CUB"]
[SourceTitle "EXT 2019"]
[Source "ChessBase"]
[SourceDate "2018.10.10"]
[SourceVersion "1"]
[SourceVersionDate "2018.10.10"]
[SourceQuality "1"]

1. d4 Nf6 2. Nf3 e6 3. Bg5 h6 4. Bh4 c5 5. e3 cxd4 6. exd4 b6 7. c3 Ba6 8. Bxa6 Nxa6 9. Nbd2 Be7 10. 0-0 Nc7 11. Ne5 0-0 12. f4 Nfd5 13. Bxe7 Qxe7 14. Qf3 Rac8 15. Rae1 Ne8 16. Ng6 fxg6 17. Qxd5 Nf6 18. Qe5 Rf7 19. g3 a6 20. Nf3 Nd5 21. Qe4 Kh7 22. Ne5 Rf6 23. Nxg6 Rxg6 24. Qxd5 Qf7 25. Qb7 Rf8 26. Qxa6 h5 27. Qd3 Kg8 28. h4 d6 29. Kh2 Rf6 30. Re2 Rf5 31. Rfe1 Re8 32. Kg2 b5 33. b3 Qb7+ 34. Qe4 Qf7 35. Qc6 Kh7 36. Qxd6 1-0

[Event "Havana Rodriguez Memorial 1st"]
[Site "Havana"]
[Date "2007.07.03"]
[Round "8"]
[White "Alvarez Albo, Chan Julian"]
[Black "Pino Ledo, Edel"]
[Result "1/2-1/2"]
[WhiteElo "2203"]
[BlackElo "2124"]
[PlyCount "23"]
[EventDate "2008.06.27"]
[EventType "tourn"]
[EventRounds "14"]
[EventCountry "CUB"]
[SourceTitle "EXT 2019"]
[Source "ChessBase"]
[SourceDate "2018.10.10"]
[SourceVersion "1"]
[SourceVersionDate "2018.10.10"]
[SourceQuality "1"]

1. d4 d5 2. c4 Nf6 3. Nc3 e6 4. cxd5 Nxd5 5. e4 Nxc3 6. bxc3 e5 7. Bb5+ Bd7 8. Bxd7+ Nxd7 9. Ne2 exd4 10. cxd4 Bb4+ 11. Bd2 Bxd2+ 12. Qxd2 1/2-1/2

[Event "Havana Rodriguez Memorial 1st"]
[Site "Havana"]
[Date "2007.07.02"]
[Round "7"]
[White "Lopez Vilier, Luis Angel"]
[Black "Alvarez Albo, Chan Julian"]
[Result "1-0"]
[WhiteElo "2250"]
[BlackElo "2203"]
[PlyCount "29"]
[EventDate "2008.06.27"]
[EventType "tourn"]
[EventRounds "14"]
[EventCountry "CUB"]
[SourceTitle "EXT 2019"]
[Source "ChessBase"]
[SourceDate "2018.10.10"]
[SourceVersion "1"]
[SourceVersionDate "2018.10.10"]
[SourceQuality "1"]

1. Nf3 d5 2. d4 Nf6 3. c4 dxc4 4. Qa4+ Nbd7 5. Qxc4 e6 6. Bg5 Be7 7. Nbd2 0-0 8. Rc1 c5 9. dxc5 Bxc5 10. Bxf6 gxf6 11. e3 b6 12. Bd3 Bb7 13. Bxh7+ Kxh7 14. Qh4+ Kg7 15. Qg3+ 1-0

[Event "Ajedrez del Mar"]
[Site "Santa Cruz del Norte"]
[Date "2007.06.22"]
[Round "12"]
[White "Gonzalez Gomez, Ronier"]
[Black "Alvarez Albo, Chan Julian"]
[Result "0-1"]
[WhiteElo "2220"]
[BlackElo "2203"]
[PlyCount "74"]
[EventDate "2007.06.17"]
[EventType "tourn"]
[EventRounds "14"]
[EventCountry "CUB"]
[SourceTitle "EXT 2019"]
[Source "ChessBase"]
[SourceDate "2018.10.10"]
[SourceVersion "1"]
[SourceVersionDate "2018.10.10"]
[SourceQuality "1"]

1. d4 d5 2. c4 dxc4 3. e3 Nf6 4. Bxc4 e6 5. Nf3 a6 6. 0-0 c5 7. Bd3 Nc6 8. Nc3 cxd4 9. exd4 Be7 10. Re1 Nb4 11. Bb1 b6 12. a3 Nbd5 13. Ne5 Bb7 14. Ba2 0-0 15. Qd3 b5 16. Bg5 Rc8 17. Rad1 Nxc3 18. bxc3 Nd5 19. Bb1 g6 20. Bd2 Bg5 21. Rc1 Nf4 22. Bxf4 Bxf4 23. Rc2 Qg5 24. f3 Bxh2+ 25. Kf1 Rfd8 26. Ng4 Bg3 27. Rd1 Bd5 28. Ba2 Bxa2 29. Rxa2 e5 30. d5 f5 31. Ne3 e4 32. Qd4 exf3 33. gxf3 Re8 34. Ng2 Rc4 35. Qb6 Rxc3 36. Rf2 Qh5 37. Kg1 Qh2+ 0-1

[Event "Ajedrez del Mar"]
[Site "Santa Cruz del Norte"]
[Date "2007.06.19"]
[Round "5"]
[White "Alvarez Albo, Chan Julian"]
[Black "Gonzalez Gomez, Ronier"]
[Result "0-1"]
[WhiteElo "2203"]
[BlackElo "2220"]
[PlyCount "71"]
[EventDate "2007.06.17"]
[EventType "tourn"]
[EventRounds "14"]
[EventCountry "CUB"]
[SourceTitle "EXT 2019"]
[Source "ChessBase"]
[SourceDate "2018.10.10"]
[SourceVersion "1"]
[SourceVersionDate "2018.10.10"]
[SourceQuality "1"]

1. e4 c6 2. d4 d5 3. exd5 cxd5 4. Bd3 Nc6 5. c3 Qc7 6. Ne2 Nf6 7. Bf4 Qb6 8. Qc2 g6 9. Nd2 Bg7 10. 0-0 0-0 11. Ng3 Bd7 12. Rae1 Rac8 13. Qb1 Rfe8 14. Nb3 Na5 15. Nc5 Bb5 16. Re2 Bxd3 17. Qxd3 Qc6 18. Rfe1 e6 19. Be5 Nc4 20. Bxf6 Bxf6 21. Qf3 Bg7 22. Nd3 Qd6 23. h4 h5 24. Nf4 Qd8 25. Nxd5 Qxh4 26. Nf4 Nd6 27. Ne4 Qd8 28. g3 b6 29. Kg2 Qd7 30. Ng5 Qb7 31. Qxb7 Nxb7 32. d5 e5 33. Nf3 f6 34. Nxg6 Kf7 35. Ngh4 Red8 36. Rd1 0-1

[Event "Ajedrez del Mar"]
[Site "Santa Cruz del Norte"]
[Date "2007.06.19"]
[Round "6"]
[White "Gonzalez Mesa, Daniel"]
[Black "Alvarez Albo, Chan Julian"]
[Result "0-1"]
[WhiteElo "2094"]
[BlackElo "2203"]
[PlyCount "74"]
[EventDate "2007.06.17"]
[EventType "tourn"]
[EventRounds "14"]
[EventCountry "CUB"]
[SourceTitle "EXT 2019"]
[Source "ChessBase"]
[SourceDate "2018.10.10"]
[SourceVersion "1"]
[SourceVersionDate "2018.10.10"]
[SourceQuality "1"]

1. e4 e5 2. Nf3 Nc6 3. Bb5 a6 4. Ba4 Nf6 5. d4 b5 6. Bb3 Nxd4 7. Nxd4 exd4 8. e5 Qe7 9. 0-0 Ng8 10. Bg5 Qxg5 11. Qf3 Nh6 12. Qxa8 Qd8 13. c3 dxc3 14. Nxc3 Bc5 15. Qe4 0-0 16. Bc2 g6 17. Qf4 Kg7 18. Ne4 Be7 19. Rad1 Bb7 20. b4 Bc6 21. a3 Ng8 22. Bb3 Qa8 23. f3 a5 24. Nc5 axb4 25. axb4 Qa3 26. Rd3 Bxc5+ 27. bxc5 Qxc5+ 28. Kh1 Qe7 29. Bd5 Bxd5 30. Rxd5 c6 31. Qd4 cxd5 32. Qxd5 Rb8 33. Rb1 b4 34. f4 f6 35. h3 fxe5 36. fxe5 Qe6 37. Qd4 Ne7 0-1

[Event "Havana Guevara Memorial 1st"]
[Site "Havana"]
[Date "2007.06.14"]
[Round "10"]
[White "Alvarez Albo, Chan Julian"]
[Black "Coto Mederos, Michel"]
[Result "1-0"]
[WhiteElo "2203"]
[BlackElo "2281"]
[PlyCount "59"]
[EventDate "2007.06.04"]
[EventType "tourn"]
[EventRounds "11"]
[EventCountry "CUB"]
[SourceTitle "EXT 2019"]
[Source "ChessBase"]
[SourceDate "2018.10.10"]
[SourceVersion "1"]
[SourceVersionDate "2018.10.10"]
[SourceQuality "1"]

1. e4 c5 2. Nf3 d6 3. d4 cxd4 4. Nxd4 Nf6 5. Nc3 a6 6. Bc4 e6 7. Bb3 Be7 8. Be3 Qc7 9. Qe2 b5 10. 0-0-0 Nc6 11. Rhg1 Na5 12. f3 Nxb3+ 13. axb3 Bb7 14. g4 Rc8 15. h4 Nd7 16. g5 b4 17. Na4 d5 18. h5 Nc5 19. g6 hxg6 20. hxg6 fxg6 21. Rxg6 Rh2 22. Rg2 Rxg2 23. Qxg2 Bf6 24. Nxc5 Qxc5 25. e5 Be7 26. Qg6+ Kd7 27. Qxe6+ Ke8 28. Rh1 Kd8 29. Nc6+ Rxc6 30. Qg8+ 1-0

[Event "Havana Guevara Memorial 1st"]
[Site "Havana"]
[Date "2007.06.06"]
[Round "3"]
[White "Alvarez Albo, Chan Julian"]
[Black "Pena Garcia, Eduardo Jesus"]
[Result "1-0"]
[WhiteElo "2203"]
[BlackElo "2233"]
[PlyCount "107"]
[EventDate "2007.06.04"]
[EventType "tourn"]
[EventRounds "11"]
[EventCountry "CUB"]
[SourceTitle "EXT 2019"]
[Source "ChessBase"]
[SourceDate "2018.10.10"]
[SourceVersion "1"]
[SourceVersionDate "2018.10.10"]
[SourceQuality "1"]

1. e4 c5 2. Nf3 d6 3. d4 cxd4 4. Nxd4 Nf6 5. Nc3 a6 6. Bg5 e6 7. f4 Qc7 8. Qf3 b5 9. 0-0-0 Bb7 10. Bd3 Nbd7 11. Rhe1 Be7 12. Qh3 Nc5 13. a3 Rc8 14. Rd2 Nxd3+ 15. Qxd3 0-0 16. Rg1 Rfd8 17. g4 d5 18. e5 Ne4 19. Bxe7 Qxe7 20. Nxe4 dxe4 21. Qe3 Qc5 22. Rgd1 Bd5 23. f5 b4 24. axb4 Qxb4 25. f6 Rb8 26. b3 Qa3+ 27. Kb1 Rdc8 28. Qg5 g6 29. Qh6 Qf8 30. Qxf8+ Kxf8 31. Kb2 Ke8 32. Ne2 Rc5 33. Nc3 Bc6 34. Rd6 Rc8 35. Re1 Rxe5 36. Rd4 Rd8 37. Rc4 Bd5 38. Rd4 Ba8 39. Rxd8+ Kxd8 40. Nd1 h5 41. h3 hxg4 42. hxg4 Kd7 43. Ne3 Rc5 44. Rd1+ Kc7 45. Rh1 Kd6 46. Nc4+ Kc7 47. Rh7 Bd5 48. Rxf7+ Kc6 49. Rc7+ Kxc7 50. f7 Bxc4 51. f8Q Rb5 52. Qe7+ Kc8 53. Kc1 Bxb3 54. cxb3 1-0